LEADER 01038nam--2200361---450- 001 990005860140203316 005 20130619105850.0 035 $a000586014 035 $aUSA01000586014 035 $a(ALEPH)000586014USA01 035 $a000586014 100 $a20130619d1957----km-y0itay50------ba 101 $aspa 102 $aES 105 $aa---||||001yy 200 1 $aHistoria del arte espanol$fJ.A. Gaya Nuņo 205 $a2. ed 210 $aMadrid$cPlus Ultra$dstampa 1957 215 $a478 p.$cill.$d20 cm 225 2 $a<> historia para todos 410 0$12001$a<> historia para todos 606 0 $aArte$ySpagna$2BNCF 676 $a709.46 700 1$aGAYA NUŅO,$bJuan Antonio$0388834 801 0$aIT$bsalbc$gISBD 912 $a990005860140203316 951 $aXII.2.B. 1814$b207176 L.M.$cXII.2.B.$d00293273 959 $aBK 969 $aUMA 979 $aIANNONE$b90$c20130619$lUSA01$h1056 979 $aIANNONE$b90$c20130619$lUSA01$h1058 996 $aHistoria del arte espanol$91086368 997 $aUNISA